[Event "Llinars del Valles op-B 8th"]
[Site "Llinars del Valles"]
[Date "2014.05.10"]
[Round "3"]
[White "Soler Martinez, Biel"]
[Black "Alabart Paytubi, Josep"]
[Result "0-1"]
[WhiteElo "1700"]
[BlackElo "1748"]
[PlyCount "110"]
[EventDate "2014.04.26"]
[EventType "swiss"]
[EventRounds "8"]
[EventCountry "ESP"]
[SourceTitle "EXT 2015"]
[Source "ChessBase"]
[SourceDate "2014.11.20"]
[SourceVersion "1"]
[SourceVersionDate "2014.11.20"]
[SourceQuality "1"]

1. e4 e6 2. d4 d5 3. Nc3 a6 4. Nf3 Be7 5. Bf4 c5 6. exd5 exd5 7. dxc5 Nf6 8. Be3 Ne4 9. Nxe4 dxe4 10. Qxd8+ Bxd8 11. Ne5 0-0 12. Bc4 Bf6 13. f4 exf3 14. Nd3 fxg2 15. Rg1 Bh4+ 16. Bf2 Re8+ 17. Kd2 Bg5+ 18. Kc3 Bh3 19. Rae1 Nc6 20. Bd5 Bf6+ 21. Kb3 Nd4+ 22. Bxd4 Bxd4 23. Nf4 Rxe1 24. Rxe1 g1Q 25. Rxg1 Bxg1 26. Nxh3 Bxc5 27. Bxb7 Rb8 28. Kc4 Rxb7 29. Kxc5 Rxb2 30. c4 Rxa2 31. Kb6 Rxh2 32. Nf4 Rh6+ 33. Ka5 Kf8 34. c5 Ke8 35. Ne2 Rc6 36. Kb4 h5 37. Nd4 Rc7 38. c6 h4 39. Kc5 a5 40. Nb5 Kd8 41. Kd6 h3 42. Nxc7 h2 43. Ne6+ fxe6 44. c7+ Kc8 45. Kc6 h1Q+ 46. Kd6 Qd1+ 47. Kc6 Qc1+ 48. Kd6 Qxc7+ 49. Kxe6 Qc6+ 50. Kf7 Qd6 51. Kxg7 Kd7 52. Kf7 Qe6+ 53. Kg7 Ke7 54. Kh7 Kf7 55. Kh8 Qh6# 0-1